Letonikas grāmatu autoru rādītājs, (1523 - 1919)
| Titel: | Letonikas grāmatu autoru rādītājs, (1523 - 1919) = Autoren-Verzeichnis der Lettonika-Bücher, (1523 - 1919) / sastād. Rita Bočarova. Latvijas Nacionālā Bibliotēka, Letonikas nodaļa |
|---|---|
| Beteiligt: | |
| Veröffentlicht: | Rīga : Latvijas Nacionālā Bibliotēka, 2005 |
| Umfang: | 421 Seiten |
| Format: | Buch |
| Sprache: | Lettisch |
| ISBN: | 9984607682 |
alg: 17896230 001A $03004:21-06-06 001B $01999:17-01-25 $t12:23:35.000 001D $03004:20-07-06 001U $0utf8 001X $00 002@ $0Aau 002C $aText $btxt $2rdacontent 002D $aohne Hilfsmittel zu benutzen $bn $2rdamedia 002E $aBand $bnc $2rdacarrier 003@ $0178962309 003O $077550346 $aOCoLC 004A $09984-607-68-2 006G $0979882788 006U $007,B10,0028 $f20060523 007A $0178962309 $aHEB 007T $0Herdhh178962309 010@ $alav 011@ $a2005 013D $RVerzeichnis $RInformationsmittel $RKatalog $RLiteraturbericht $RNeuerwerbungsliste $RBibliograf $RBibliografin $#Bibliography $#Bibliographie $#Bibliography, Critical $#Bibliographie critique $#Bibliographie $#Abstract Formschlagwort $#Bücherverzeichnis $#Literaturdokumentation Formschlagwort $#Literaturverzeichnis $#Publikationen Formschlagwort $#Repertorium Bibliografie $#Werke Formschlagwort $#Bibliografien $#Bibliographien $74006432-3 $8Bibliografie [Ts1] $9085009210 021A $aLetonikas grāmatu autoru rādītājs, (1523 - 1919) $fAutoren-Verzeichnis der Lettonika-Bücher, (1523 - 1919) $hsastād. Rita Bočarova. Latvijas Nacionālā Bibliotēka, Letonikas nodaļa 027A $aAutoren-Verzeichnis der Lettonika-Bücher, (1523 - 1919) 027A $aAutoren-Verzeichnis der Lettonika-Bücher (1523-1919) 028C $BHerausgeber $4edt $7 $8Bočarova, Rita [Tnd] $9183925483 033A $pRīga $nLatvijas Nacionālā Bibliotēka 034D $a421 Seiten 044K $qDNB $RLettische Sozialistische Sowjetrepublik $RLettische Sozialistische Sowjetrepublik $#Lettland $#Lettland $#Latvija $#Latvijas Republika $#Lettische Republik $#République de Lettonie $#Republik Lettland $#Latwija $#Latvijas Republikas Tautas $#Republic of Latvia $#Latvijskaja Respublika $#Latvia $#Lettonie $#Łotwa $74074187-4 $8Lettland [Tg1] $9085208876 044K $qDNB $RSchrifttum $RBuchdruck $RVeröffentlichung $RDokument $#Printing Specimens $#Imprints $#Imprimés $#Druckerzeugnis $#Druck Druckwerk $#Druckschrift Druckwerk $#Publikation Druckwerk $#Schrift Druckwerk $#Druckerzeugnis $#Druckwerke $#Drucke Druckwerk $74013134-8 $8Druckwerk [Ts1] $9085028770 044K $qDNB $RUrheber $RAutorin $#Authors $#Écrivains $#Autor $#Verfasser $#Autoren $74003982-1 $8Autor [Ts1] $9085002402 045E $c010 $c940 045F $a015.47960903 $eDDC22ger 045F/01 $a015 045F/03 $f0903 045F/03 $g4797 045G $a900.94796 $eDDC23BSB 045G/01 $a900 045G/03 $g4796 045H $a809 $eDDC23BSB 045H/01 $a809 045H/03 $g4796 045R $aGeschichte 1523-1919 lok: 17896230 24 101B $020-07-06 $t13:08:15.000 101C $020-07-06 145Z/01 $a46 1 D 145Z/02 $a46 1 A 145Z/03 $a46 10 E 101U $0utf8 exp: 17896230 24 1 #EPN 201B/01 $025-08-09 $t08:44:45.000 201C/01 $021-06-06 201U/01 $0utf8 203@/01 $0409993662 208@/01 $a20-07-06 $bz 209A/01 $aL 65,4/2/1 $dd $f050 $hL 65 4 2 1 $x00 209C/01 $a06.3263 K $h06 3263 K 209G/01 $a71402835 $x00 209G/01 $aLesesaal $x01 220C/01 $amar 247C/01 $8358050-7Marburg, Bibliothek des Herder-Instituts Marburg $9102600961 lok: 17896230 78 exp: 17896230 78 1 #EPN 201B/01 $019-04-17 $t20:12:59.000 201U/01 $0utf8 203@/01 $0793013038 208@/01 $a12-11-16 $be 209A/01 $a/ $f000 $x00 220C/01 $aTitelaufnehmer: kk 237A/01 $aweiterführende Signatur(en): L 65,4/2/1 244Z/01 $2Trx $#Latvija $#Lettland $#Łotwa $#Lotyšsko $8--Trx--Latvija $x01 $9391275879 244Z/01 $aGeschichte 1523-1919 $x02 244Z/01 $2Trx $#kirjanikud $#rašytojai $#writers $#írók $#pisarze $#spisovatelia $#spisovatelé $8--Trx--Schriftsteller $x03 $9391382659 244Z/01 $2Trx $#isikute registrid $#asmenų sąrašai $#index of persons $#személyi jegyzékek $#wykazy osobowe $#registre personálne $#rejstříky osob $8--Trx--Personenverzeichnisse $x04 $9391354329 245Z/01 $a12.01 $x01 247C/01 $82080>Marburg/Lahn, Herder-Institut, Forschungsbibliothek, Bibliographieportal $9336309341
| LEADER | 00000cam a2200000 c 4500 | ||
|---|---|---|---|
| 001 | 178962309 | ||
| 003 | DE-603 | ||
| 005 | 20250117122335.0 | ||
| 007 | tu | ||
| 008 | 060621s2005 xx |||| | u00||u|lav | ||
| 015 | |a 07,B10,0028 |2 dnb | ||
| 016 | 7 | |2 DE-101 |a 979882788 | |
| 020 | |a 9984607682 | ||
| 035 | |a (DE-599)HEB178962309 | ||
| 035 | |a (OCoLC)77550346 | ||
| 040 | |a DE-603 |b ger |c DE-603 |d DE-603 | ||
| 041 | |a lav | ||
| 082 | 0 | 4 | |8 1\u |a 015.47960903 |q DE-101 |2 22/ger |
| 083 | 0 | |8 2\u |a 900.94796 |q DE-101 |2 23/BSB | |
| 083 | 0 | |8 3\u |a 809 |q DE-101 |2 23/BSB | |
| 084 | |a 010 |a 940 |q DE-101 |2 sdnb | ||
| 085 | |8 1\u |b 015 | ||
| 085 | |8 1\u |z 1 |s 0903 | ||
| 085 | |8 1\u |z 2 |s 4797 | ||
| 085 | |8 2\u |b 900 | ||
| 085 | |8 2\u |z 2 |s 4796 | ||
| 085 | |8 3\u |b 809 | ||
| 085 | |8 3\u |z 2 |s 4796 | ||
| 245 | 0 | 0 | |a Letonikas grāmatu autoru rādītājs, (1523 - 1919) |b = Autoren-Verzeichnis der Lettonika-Bücher, (1523 - 1919) |c sastād. Rita Bočarova. Latvijas Nacionālā Bibliotēka, Letonikas nodaļa |
| 246 | 1 | 3 | |a Autoren-Verzeichnis der Lettonika-Bücher, (1523 - 1919) |
| 246 | 1 | 3 | |a Autoren-Verzeichnis der Lettonika-Bücher (1523-1919) |
| 264 | 1 | |a Rīga |b Latvijas Nacionālā Bibliotēka |c 2005 | |
| 300 | |a 421 Seiten | ||
| 336 | |a Text |b txt |2 rdacontent | ||
| 337 | |a ohne Hilfsmittel zu benutzen |b n |2 rdamedia | ||
| 338 | |a Band |b nc |2 rdacarrier | ||
| 648 | 7 | |a Geschichte 1523-1919 |2 gnd | |
| 650 | 7 | |a Druckwerk |0 (DE-588)4013134-8 |0 (DE-603)085028770 |2 gnd | |
| 650 | 7 | |a Autor |0 (DE-588)4003982-1 |0 (DE-603)085002402 |2 gnd | |
| 651 | 7 | |a Lettland |0 (DE-588)4074187-4 |0 (DE-603)085208876 |2 gnd | |
| 655 | 7 | |a Bibliografie |2 gnd-content |0 (DE-588)4006432-3 |0 (DE-603)085009210 | |
| 700 | 1 | |a Bočarova, Rita |e Herausgeber |4 edt |0 (DE-603)183925483 | |
| 924 | 0 | |9 Mb 50 |a (DE-603)409993662 |b DE-Mb50 |c HES |d d |g L 65,4/2/1 |h Lesesaal | |
| 924 | 0 | |9 2080 |a (DE-603)793013038 |b DE-2080 |c HES |d d |g / | |


